| 000 | 01005nam0a22002651 4500 | ||
|---|---|---|---|
| 001 | rc\4976380 | ||
| 005 | 20250613060559.0 | ||
| 021 |
_aRU _b[64-48121] |
||
| 035 | _a(NLR Aleph) 008979441 | ||
| 090 |
_a9176200 _c9176200 |
||
| 100 | _a20130430d1964 |||y0rusy50 ca | ||
| 101 | 0 | _arus | |
| 102 | _aRU | ||
| 105 | _aa z ||||| | ||
| 200 | 1 |
_aДНД-13 _e[Добровольная нар. дружина 13-го микрорайона Ломоносовского района Архангельска _fЛит. обработка С. Косухина |
|
| 210 |
_aАрхангельск] _cСев.-Зап. кн. изд-во _d1964 |
||
| 215 |
_a60 с. _cил. _d20 |
||
| 606 |
_aНародные дружины по охране общественного порядка _2psbo |
||
| 700 | 1 |
_aРожков _bВ.П. _gВладимир Павлович |
|
| 702 | 1 |
_aКосухин _bС. _4570 |
|
| 801 | 0 |
_aRU _bNLR _gpsbo |
|
| 801 | 1 |
_aRU _bELAR _2rusmarc |
|
| 852 |
_aNLR _j64-4/9930 |
||
| 942 | _cBOOK | ||
| 980 | _aNB | ||